000 00533 a2200205 4500
001 130718
020 _a85-02-02341-1
040 _cLeonardo Da Vinci
041 _aPortuguês
082 _a346.07 D752c
_bD752c
100 _aDORIA, Dylson
245 _aCurso de direito comercial
250 _a13.ed. v.1
260 _bSaraiva
_c1998
_aSão Paulo
300 _a315
362 _a19980000
500 _aEdição revista e atualizada
697 _aDireito
_aDireito Comercial
_aLegislação
_aLeis
_aBrasil
_aFIPEN
942 _cBK
999 _c130718
_d130718